Szczegóły MARC21

Józef Ignacy Kraszewski : zarys bibliograficzny /

003 -Nazwa inst., której nr kontr. jest w polu 001 [,]
    • @
    • Nazwa instytucji, której n kontrolny jest w polu 001
    • NUKAT
005 -DATA I CZAS OSTATNIEJ MODYFIKACJI [,]
    • @
    • pole kontrolne
    • 20241231113802.0
040 -Instytucja sporządzająca opis [ , ]
    • a
    • Instytucja, która sporządziła opis (NP)
    • LUBL M/AS
    • c
    • Instytucja, która sporządziła rekord (NP)
    • LUBL M/AS
    • d
    • Instytucja, która zmodyfikowała rekord (P)
    • LUBL M/ASs
    • d
    • Instytucja, która zmodyfikowała rekord (P)
    • LUBL M/IK
    • d
    • Instytucja, która zmodyfikowała rekord (P)
    • POZN U/KK
    • d
    • Instytucja, która zmodyfikowała rekord (P)
    • WA 248/ae
942 -Rodzaj dokumentu [ , ]
    • c
    • Rodzaj dokumentu
    • Książka
100 -Hasło główne - nazwa osobowa [1, ]
    • a
    • Nazwa osobowa (NP)
    • Stupkiewicz, Stanisław
    • d
    • Daty biograficzne (NP)
    • (1910-2004).
    • 9
    • KHW
    • 62382
245 -Strefa tytułu i oznaczenia odpowiedzialności [1,0]
    • a
    • Tytuł
    • Józef Ignacy Kraszewski : Find
    • b
    • Ciąg dalszy tytułu (NP)
    • zarys bibliograficzny / Find
    • c
    • Pozostałe elementy strefy tytułu i oznaczenia odpowiedzialności (NP)
    • oprac. Stanisław Stupkiewicz, Irmina Śliwińska, Wanda Roszkowska-Sykałowa ; Instytut Badań Literackich Polskiej Akademii Nauk.
246 -Wariant tytułu [1,8]
    • a
    • Tytuł (NP)
    • Nowy Korbut
260 -Strefa adresu wydawniczego [ , ]
    • a
    • Miejsce wydania (P)
    • Kraków :
    • b
    • Nazwa wydawcy (P)
    • Wydaw. Literackie,
    • c
    • Data wydania (P)
    • 1966.
300 -Strefa opisu fizycznego [ , ]
    • a
    • Określenie formy książki i/lub objętość (NP)
    • 277, [2] s. ;
    • c
    • Format (NP)
    • 25 cm.
336 -Typ zawartości [ , ]
    • a
    • Termin opisujący typ zawartości
    • Tekst
    • b
    • Kod określający zawartość
    • txt
    • 2
    • Źródło (terminu i kodu)
    • rdacontent
337 -Typ mediów [ , ]
    • a
    • Tryb odtwarzania
    • Bez urządzenia pośredniczącego
    • b
    • Kod typu mediów
    • n
    • 2
    • Źródło (terminu i kodu)
    • rdamedia
338 -Typ/rodzaj nośnika [ , ]
    • a
    • Hasło opisujące typ nośnika
    • Wolumin
    • b
    • Kod typu nośnika
    • nc
    • 2
    • Źródło (terminu i kodu)
    • rdacarrier
490 -Strefa serii i książki wielotomowej - forma nie do wyszukiwania [1, ]
    • a
    • Tytuł (P)
    • Bibliografia literatury polskiej "Nowy Korbut" ; Find
    • v
    • Numeracja (P)
    • 12
830 -Hasło dodatkowe serii i opisu książki wielotomowej - tytuł ujednolicony/tytuł [ ,0]
    • a
    • Tytuł ujednolicony/tytuł (NP)
    • Bibliografia literatury polskiej "Nowy Korbut"
    • v
    • Oznaczenie tomu (NP)
    • 12
    • 9
    • KHW
    • 59031
504 -Uwaga dot. bibliogr. załącznikowej [ , ]
    • a
    • Uwaga dot. bibliografii załącznikowej
    • Indeksy.
530 -Uwaga dot. innej postaci fizycznej dokumentu [ , ]
    • a
    • Uwaga dot. innej postaci fizycznej dokumentu
    • Dostępne także w wersji elektronicznej.
600 -Hasło przedmiotowe w formie nazwy osobowej [1,7]
    • a
    • Nazwa osobowa
    • Kraszewski, Józef Ignacy
    • d
    • Daty związane z nazwą
    • (1812-1887)
    • v
    • Określnik formalny
    • bibliografia.
    • 2
    • Źródło terminu
    • kaba
    • 9
    • KHW
    • 356299
700 -Hasło dodatkowe - nazwa osobowa [1, ]
    • a
    • Nazwa osobowa (NP)
    • Śliwińska, Irmina Find
    • d
    • Daty biograficzne (NP)
    • (1900-1967).
    • 9
    • KHW
    • 62383
700 -Hasło dodatkowe - nazwa osobowa [1, ]
    • a
    • Nazwa osobowa (NP)
    • Roszkowska-Sykałowa, Wanda Find
    • d
    • Daty biograficzne (NP)
    • (1923-1994).
    • 9
    • KHW
    • 87312
710 -Hasło dodatkowe - nazwa ciała zbiorowego [2, ]
    • a
    • Nazwa ciała zbiorowego lub nazwa geograficzna jako pierwszy element (NP)
    • Wydawnictwo Literackie.
    • 4
    • Kod relacji
    • pbl
    • 9
    • KHW
    • 53605
856 -Dostęp do wersji elektronicznej [4,1]
Obwoluta Sygnatura Uwagi nie widoczne w OPAC Lokalizacja Data inwentaryzacji Status udost. Numer inwentarzowy
 z.49167 BG2000-03-081Z.49167
 Z.119 BG2000-03-081Z.18615
 Z.119 BG2000-03-081Z.21257
 Z.119 BG2000-03-081Z.36474
   BG2000-03-08-6Z.21539
 Z.119 BG2000-03-081Z.132
   BG2000-03-082Z.133
1LXXI/63 BM2018-01-031P.26306
1  BM2019-04-191Q.1112
 01.24/B-56retrokonwersja ANSBNS 1ANS.84556